| 000 | 01015nam a22001937a 4500 | ||
|---|---|---|---|
| 999 |
_c60410 _d60410 |
||
| 003 | Ge_BSU | ||
| 005 | 20230713105835.0 | ||
| 008 | 230713s2016ge xxu||||| |||| 00| 0 geo d | ||
| 041 | _ageo | ||
| 080 | _a81(479.22)(092) ა-76 | ||
| 100 |
_aარაბული, ავთანდილ. _919293 |
||
| 245 |
_aაკადემიკოსი მზექალა შანიძე : _b[ცხოვრება და მოღვაწეობა] / _cავთანდილ არაბული. |
||
| 264 |
_aთბილისი: _bმეცნ. ეროვნ. აკადემიის სტამბა) _c2016. |
||
| 300 |
_a40 გვ. : _bფოტ. ; _c20 სმ. |
||
| 500 | _aყდაზე ავტ. მითითებული არ არის. | ||
| 653 | _aშანიძე, მზექალა. ქართველი ენათმეცნიერები | ||
| 700 |
_aსაქ. მეცნ. ეროვნ. აკადემია. _919294 |
||
| 942 |
_2udc _cBK |
||